Catalog

Record Details

Catalog Search



Let's get pizza  Cover Image Book Book

Let's get pizza / by Meg Greve ; illustrated by Helen Poole.

Greve, Meg. (Author). Poole, Helen, 1979- (illustrator.).

Summary:

When Dan and Dad go out for pizza they learn that just because it smells so good doesn't mean you should eat too much. It's much better if you share.

Record details

  • ISBN: 9781618101730
  • ISBN: 1618101730
  • ISBN: 9781618103062
  • ISBN: 1618103067
  • Physical Description: 24 pages : color illustrations ; 21 cm.
  • Publisher: Vero Beach, FL : Rourke Educational Media, ©2013.
Subject: Pizza > Juvenile fiction.
Division > Juvenile fiction.

Available copies

  • 1 of 1 copy available at scottsboropl.

Holds

  • 0 current holds with 1 total copy.
Show Only Available Copies
Location Call Number / Copy Notes Barcode Shelving Location Status Due Date
scottsboropl E Gre 32269001013518 Juvenile - Easy Available -

LDR 01243nam a22003497a 4500
001143835
003CONS
00520170705134230.0
008120403s2013 flua j 000 1 eng d
010 . ‡a 2012936774
020 . ‡a9781618101730
020 . ‡a1618101730
020 . ‡a9781618103062 ‡q(soft)
020 . ‡a1618103067 ‡q(soft)
035 . ‡a(CPomAG)LMN600491
042 . ‡alccopycat
08204. ‡a[E]
1001 . ‡aGreve, Meg.
24510. ‡aLet's get pizza / ‡cby Meg Greve ; illustrated by Helen Poole.
260 . ‡aVero Beach, FL : ‡bRourke Educational Media, ‡c©2013.
300 . ‡a24 pages : ‡bcolor illustrations ; ‡c21 cm.
336 . ‡atext ‡btxt ‡2rdacontent
337 . ‡aunmediated ‡bn ‡2rdamedia
338 . ‡avolume ‡bnc ‡2rdacarrier
4901 . ‡aLittle birdie books
520 . ‡aWhen Dan and Dad go out for pizza they learn that just because it smells so good doesn't mean you should eat too much. It's much better if you share.
650 0. ‡aPizza ‡vJuvenile fiction.
650 0. ‡aDivision ‡vJuvenile fiction.
7001 . ‡aPoole, Helen, ‡d1979- ‡eillustrator.
914 . ‡aSCP_jd
959 . ‡i32269001013518 ‡lE Gre ‡aJuvenile - Easy ‡tEasy ‡g15.00
852 . ‡p32269001013518 ‡jE Gre ‡gJuvenile - Easy ‡cEasy ‡y15.00 ‡bSBPL
901 . ‡a143835 ‡bUnknown ‡c143835 ‡tbiblio

Additional Resources